<?xml version="1.0" encoding="UTF-8"?><marc:collection xmlns:marc="http://www.loc.gov/MARC21/slim">
  <marc:record>
    <marc:leader>05715nam#a2200541#c#4500</marc:leader>
    <marc:controlfield tag="001">99370714554306441</marc:controlfield>
    <marc:controlfield tag="003">DE-605</marc:controlfield>
    <marc:controlfield tag="005">20240904184626.0</marc:controlfield>
    <marc:controlfield tag="007">cr#|||||||||||</marc:controlfield>
    <marc:controlfield tag="008">210323|2020####au #####o#####|||#|#ger#c</marc:controlfield>
    <marc:datafield tag="024" ind1="7" ind2=" ">
      <marc:subfield code="a">10.4126/FRL01-006426359</marc:subfield>
      <marc:subfield code="2">doi</marc:subfield>
    </marc:datafield>
    <marc:datafield tag="035" ind1=" " ind2=" ">
      <marc:subfield code="a">(DE-605)HT020877896</marc:subfield>
    </marc:datafield>
    <marc:datafield tag="035" ind1=" " ind2=" ">
      <marc:subfield code="a">(DE-599)HBZHT020877896</marc:subfield>
    </marc:datafield>
    <marc:datafield tag="040" ind1=" " ind2=" ">
      <marc:subfield code="a">38 M</marc:subfield>
      <marc:subfield code="b">ger</marc:subfield>
      <marc:subfield code="c">DE-605</marc:subfield>
      <marc:subfield code="d">DE-605</marc:subfield>
      <marc:subfield code="e">rda</marc:subfield>
    </marc:datafield>
    <marc:datafield tag="041" ind1=" " ind2=" ">
      <marc:subfield code="a">ger</marc:subfield>
    </marc:datafield>
    <marc:datafield tag="044" ind1=" " ind2=" ">
      <marc:subfield code="c">XA-AT</marc:subfield>
    </marc:datafield>
    <marc:datafield tag="049" ind1=" " ind2=" ">
      <marc:subfield code="a">DE-98</marc:subfield>
    </marc:datafield>
    <marc:datafield tag="049" ind1=" " ind2=" ">
      <marc:subfield code="a">DE-38M</marc:subfield>
    </marc:datafield>
    <marc:datafield tag="082" ind1="0" ind2=" ">
      <marc:subfield code="a">610</marc:subfield>
    </marc:datafield>
    <marc:datafield tag="245" ind1="0" ind2="0">
      <marc:subfield code="a">Bestandserhebung Anti-Stigma-Aktivitäten in Österreich 2019 - Teil 2</marc:subfield>
      <marc:subfield code="b">Verzeichnis der Aktivitäten nach Hauptinterventionsebenen</marc:subfield>
      <marc:subfield code="c">Herausgeber/-innen: Monika Nowotny, Julian Strizek, Joy Ladurner ; Projektassistenz: Menekşe Yılmaz ; Expertinnen/Experten der Kompetenzgruppe Entstigmatisierung: Michaela Amering, Magdalena Arrouas, Josef Baumgartner, Peter Berger, Stefanie Brunmayr, Christina Dietscher, Andreas Eckwolf, Anna Fox, Michael Ganner, Dorothea Gasser, Theresa Girsch, Alexander Grabenhofer-Eggerth, Alfred Grausgruber, Johannes Gregoritsch, Wolfgang Grill, Henriette Gschwendtner, Karin Gutiérrez-Lobos, Julia Haimburger, Beatrix Haller, Julia Häußler, Allessandro Hennebichler, Hansjörg Hofer, Angela Ibelshäuser, Barbara Jagsch, Günther Klug, Kathrin Kneissel, Edwin Ladinser, Joy Ladurner, Meena Lang, Robert Lender, Peter Luschin, Angela Mach, Erich Mahler, Ullrich Meise, Karin Miller-Fahringer, Eleonore Miller-Reiter, Robert Moosbrugger, Michael Musalek, Ursula Naue, Thomas Niederkrotenthaler, Monika Nowotny, Veronika Plank, Georg Psota, Andreas Reinalter, Gerlinde Rohrauer-Näf, Max Rubisch, Andrea Ruttnig, Julia Sagmeister-Kölly, Kathrin Schindelar, Werner Schöny, Michael Steffen, Christine Steger, Michaela Steurer, Julian Strizek, Johannes Ströhle, Barbara Stüwe-Eßl, Benedikt Till, Michael Trawetzky, Christopher Tupy, Andreas Vranek, Roman Winkler, Elisabeth Zilharz ; im Auftrag des Bundesministeriums für Soziales, Gesundheit, Pflege und Konsumentenschutz, des Fonds Gesundes Österreich und des Dachverbands der Sozialversicherungsträger ; Gesundheit Österreich GmbH</marc:subfield>
    </marc:datafield>
    <marc:datafield tag="264" ind1=" " ind2="1">
      <marc:subfield code="a">Wien</marc:subfield>
      <marc:subfield code="b">Gesundheit Österreich GmbH</marc:subfield>
      <marc:subfield code="c">[April 2020]</marc:subfield>
    </marc:datafield>
    <marc:datafield tag="300" ind1=" " ind2=" ">
      <marc:subfield code="a">1 Online-Ressource (87 Seiten)</marc:subfield>
      <marc:subfield code="b">Illustrationen, Diagramme, Karten</marc:subfield>
    </marc:datafield>
    <marc:datafield tag="336" ind1=" " ind2=" ">
      <marc:subfield code="a">Text</marc:subfield>
      <marc:subfield code="b">txt</marc:subfield>
      <marc:subfield code="2">rdacontent</marc:subfield>
    </marc:datafield>
    <marc:datafield tag="337" ind1=" " ind2=" ">
      <marc:subfield code="a">Computer</marc:subfield>
      <marc:subfield code="b">c</marc:subfield>
      <marc:subfield code="2">rdamedia</marc:subfield>
    </marc:datafield>
    <marc:datafield tag="338" ind1=" " ind2=" ">
      <marc:subfield code="a">Online-Ressource</marc:subfield>
      <marc:subfield code="b">cr</marc:subfield>
      <marc:subfield code="2">rdacarrier</marc:subfield>
    </marc:datafield>
    <marc:datafield tag="506" ind1="0" ind2=" ">
      <marc:subfield code="a">Open Access</marc:subfield>
      <marc:subfield code="f">Unrestricted online access</marc:subfield>
      <marc:subfield code="2">star</marc:subfield>
    </marc:datafield>
    <marc:datafield tag="520" ind1="3" ind2=" ">
      <marc:subfield code="a">Hintergrund/Aufgabenstellung/Fragestellung: Das Stigma psychischer Erkrankungen stellt ein komplexes soziokulturelles Phänomen mit weitreichenden gesundheitspolitischen Konsequenzen dar. Im Zuge der Arbeiten am österreichischen Gesundheitsziel 9, "Psychosoziale Gesundheit bei allen Bevölkerungsgruppen fördern", wurde deshalb die Kompetenzgruppe Entstigmatisierung gebildet, ein Mental-Health-in-All-Policies-Expertengremium, das Empfehlungen für ein multistrategisches Vorgehen gegen Stigma in Österreich erarbeiten soll. Als ersten Schritt dazu führte es die vorliegende Bestandserhebung der bereits bestehenden Anti-Stigma-Aktivitäten in Österreich durch. Methode: Zur Erfassung der Anti-Stigma-Aktivitäten in Österreich wurde ein Erhebungsbogen entwickelt, der von Juni bis September 2019 mittels Schneeballverfahren über ausgewählte Verteiler versandt wurde. Dabei wurde das Themenfeld Entstigmatisierung weiter gefasst, sodass neben den in der Anti-Stigma-Arbeit üblichen Bewusstseinsbildungsaktivitäten auch Aktivitäten zum Schutz vor Diskriminierung und zur Inklusion von Menschen mit psychischen Erkrankungen berücksichtigt werden konnten. Die eingelangten Aktivitäten wurden nach Themenschwerpunkten, Interventionsebenen, Zielgruppen, Settings und Bereichen gruppiert und zusammenfassend beschrieben. Ergebnisse: Über 200 der gemeldeten Aktivitäten wurden als Anti-Stigma-Aktivitäten gezählt. Rund 60 Prozent der Aktivitäten wurden in erster Linie der Interventionsebene Bewusstseinsbildung zugeordnet. Davon waren bei nur einem Drittel der Aktivitäten die Begegnung mit Betroffenen und die Verbreitung von Erfahrungsberichten wichtige Bestandteile der Intervention. Der überwiegende Anteil der eingemeldeten Aktivitäten in Österreich wird von psychosozialen Versorgungs- und Gesundheitsanbietern initiiert. [...]</marc:subfield>
    </marc:datafield>
    <marc:datafield tag="688" ind1=" " ind2=" ">
      <marc:subfield code="a">Stigma</marc:subfield>
    </marc:datafield>
    <marc:datafield tag="688" ind1=" " ind2=" ">
      <marc:subfield code="a">Diskriminierung</marc:subfield>
    </marc:datafield>
    <marc:datafield tag="688" ind1=" " ind2=" ">
      <marc:subfield code="a">Inklusion</marc:subfield>
    </marc:datafield>
    <marc:datafield tag="688" ind1=" " ind2=" ">
      <marc:subfield code="a">psychische Erkrankung</marc:subfield>
    </marc:datafield>
    <marc:datafield tag="688" ind1=" " ind2=" ">
      <marc:subfield code="a">Erhebung</marc:subfield>
    </marc:datafield>
    <marc:datafield tag="700" ind1="1" ind2=" ">
      <marc:subfield code="a">Nowotny, Monika</marc:subfield>
      <marc:subfield code="0">(DE-588)1190590247</marc:subfield>
      <marc:subfield code="4">edt</marc:subfield>
      <marc:subfield code="4">ctb</marc:subfield>
      <marc:subfield code="e">Herausgeber</marc:subfield>
      <marc:subfield code="e">Mitwirkender</marc:subfield>
    </marc:datafield>
    <marc:datafield tag="700" ind1="1" ind2=" ">
      <marc:subfield code="a">Strizek, Julian</marc:subfield>
      <marc:subfield code="0">(DE-588)1181012805</marc:subfield>
      <marc:subfield code="4">edt</marc:subfield>
      <marc:subfield code="4">ctb</marc:subfield>
      <marc:subfield code="e">Herausgeber</marc:subfield>
      <marc:subfield code="e">Mitwirkender</marc:subfield>
    </marc:datafield>
    <marc:datafield tag="700" ind1="1" ind2=" ">
      <marc:subfield code="a">Ladurner, Joy</marc:subfield>
      <marc:subfield code="0">(DE-588)1024004279</marc:subfield>
      <marc:subfield code="4">edt</marc:subfield>
      <marc:subfield code="4">ctb</marc:subfield>
      <marc:subfield code="e">Herausgeber</marc:subfield>
      <marc:subfield code="e">Mitwirkender</marc:subfield>
    </marc:datafield>
    <marc:datafield tag="700" ind1="1" ind2=" ">
      <marc:subfield code="a">Grabenhofer-Eggerth, Alexander</marc:subfield>
      <marc:subfield code="d">19XX-</marc:subfield>
      <marc:subfield code="0">(DE-588)1030184143</marc:subfield>
      <marc:subfield code="4">ctb</marc:subfield>
      <marc:subfield code="e">Mitwirkender</marc:subfield>
    </marc:datafield>
    <marc:datafield tag="700" ind1="1" ind2=" ">
      <marc:subfield code="a">Rohrauer-Näf, Gerlinde</marc:subfield>
      <marc:subfield code="0">(DE-588)1181216052</marc:subfield>
      <marc:subfield code="4">ctb</marc:subfield>
      <marc:subfield code="e">Mitwirkender</marc:subfield>
    </marc:datafield>
    <marc:datafield tag="700" ind1="1" ind2=" ">
      <marc:subfield code="a">Winkler, Roman</marc:subfield>
      <marc:subfield code="0">(DE-588)1229929347</marc:subfield>
      <marc:subfield code="4">ctb</marc:subfield>
      <marc:subfield code="e">Mitwirkender</marc:subfield>
    </marc:datafield>
    <marc:datafield tag="710" ind1="2" ind2=" ">
      <marc:subfield code="a">Gesundheit Österreich GmbH</marc:subfield>
      <marc:subfield code="0">(DE-588)10147266-3</marc:subfield>
      <marc:subfield code="4">isb</marc:subfield>
      <marc:subfield code="e">Herausgebendes Organ</marc:subfield>
    </marc:datafield>
    <marc:datafield tag="710" ind1="2" ind2=" ">
      <marc:subfield code="a">Österreich</marc:subfield>
      <marc:subfield code="b">Bundesministerium für Soziales, Gesundheit, Pflege und Konsumentenschutz</marc:subfield>
      <marc:subfield code="0">(DE-588)1208663127</marc:subfield>
      <marc:subfield code="4">oth</marc:subfield>
      <marc:subfield code="e">Sonstige</marc:subfield>
    </marc:datafield>
    <marc:datafield tag="710" ind1="2" ind2=" ">
      <marc:subfield code="a">Fonds Gesundes Österreich</marc:subfield>
      <marc:subfield code="0">(DE-588)10019684-6</marc:subfield>
      <marc:subfield code="4">oth</marc:subfield>
      <marc:subfield code="e">Sonstige</marc:subfield>
    </marc:datafield>
    <marc:datafield tag="710" ind1="2" ind2=" ">
      <marc:subfield code="a">Dachverband der Sozialversicherungsträger</marc:subfield>
      <marc:subfield code="0">(DE-588)1204934940</marc:subfield>
      <marc:subfield code="4">oth</marc:subfield>
      <marc:subfield code="e">Sonstige</marc:subfield>
    </marc:datafield>
    <marc:datafield tag="856" ind1="4" ind2="0">
      <marc:subfield code="u">https://jasmin.goeg.at/id/eprint/1505</marc:subfield>
      <marc:subfield code="x">Verlag</marc:subfield>
      <marc:subfield code="z">kostenfrei</marc:subfield>
      <marc:subfield code="3">Volltext</marc:subfield>
    </marc:datafield>
    <marc:datafield tag="856" ind1="4" ind2="0">
      <marc:subfield code="u">https://repository.publisso.de/resource/frl:6426359</marc:subfield>
      <marc:subfield code="3">Volltext</marc:subfield>
      <marc:subfield code="x">Archivierte Online-Ressource</marc:subfield>
    </marc:datafield>
    <marc:datafield tag="924" ind1="1" ind2=" ">
      <marc:subfield code="a">99370714554306441</marc:subfield>
      <marc:subfield code="b">DE-98</marc:subfield>
      <marc:subfield code="c">NRW</marc:subfield>
      <marc:subfield code="d">d</marc:subfield>
    </marc:datafield>
    <marc:datafield tag="924" ind1="1" ind2=" ">
      <marc:subfield code="a">99370714554306441</marc:subfield>
      <marc:subfield code="b">DE-38M</marc:subfield>
      <marc:subfield code="c">NRW</marc:subfield>
      <marc:subfield code="d">d</marc:subfield>
    </marc:datafield>
    <marc:datafield tag="960" ind1="1" ind2=" ">
      <marc:subfield code="i">iall</marc:subfield>
      <marc:subfield code="i">OA</marc:subfield>
    </marc:datafield>
    <marc:datafield tag="960" ind1="1" ind2=" ">
      <marc:subfield code="r">38 M: ellinet; GND: (DE-588)10147266-3</marc:subfield>
    </marc:datafield>
  </marc:record>
</marc:collection>
